[Event "EU-Cup 19th"]
[Site "Rethymno"]
[Date "2003.09.28"]
[Round "1.3"]
[White "Ahlander, Bjorn"]
[Black "Sokolov, Ivan"]
[Result "1/2-1/2"]
[WhiteElo "2393"]
[BlackElo "2693"]
[Annotator "Huebner,R"]
[PlyCount "125"]
[EventDate "2003.09.28"]
[EventType "team-swiss"]
[EventRounds "7"]
[EventCountry "GRE"]
[SourceTitle "CBM 098"]
[Source "ChessBase"]
[SourceDate "2004.02.03"]
[SourceVersion "1"]
[SourceVersionDate "2004.02.03"]
[SourceQuality "1"]
[WhiteTeam "Malmo Linhams"]
[BlackTeam "Sarajevo Bosna"]
[WhiteTeamCountry "SWE"]
[BlackTeamCountry "BIH"]

1. d4 d5 2. c4 c6 3. Nc3 Nf6 4. Nf3 dxc4 5. a4 Bf5 6. e3 e6 7. Bxc4 Nbd7 {
Dies wird verhältnismäßig selten gespielt; üblicher ist 7...Lb4. In vielen
Fällen wird das Spiel auch nach dem Textzug in die Hauptvarianten einlenken;
aber in der vorliegenden Partie versucht Weiß etwas anderes. Besonders
beeindruckend ist dieser Versuch jedoch nicht.} 8. Qb3 $6 Qb6 ({Die Fortsetzung
} 8... Nb6 9. Be2 a5 10. O-O Qc7 {nebst Sb6-d5 ist ebenfalls befriedigend für
Schwarz.}) 9. Qa2 (9. a5 Qxb3 10. Bxb3 Bd3 {führt zu keiner für Weiß
erstrebenswerten Stellung.}) 9... a5 10. O-O Bb4 (10... Be7 {verhindert den
folgenden Vorstoß des Weißen im Zentrum; nötig ist dies jedoch keineswegs.})
11. e4 Bg6 $6 ({Nichts scheint mir gegen} 11... Nxe4 {zu sprechen:} 12. Nxe4
Bxe4 13. Bxe6 O-O-O 14. Ng5 (14. Bxf7 Bxf3 15. gxf3 Qxd4 {sieht ebenfalls
unerfreulich für Weiß aus.}) 14... fxe6 15. Nxe4 Qxd4 16. Ng5 Rde8 17. Be3 (17.
Nxe6 Qg4 18. Nf4 Bd6 {ist ebenfalls sehr unbequem für Weiß.}) 17... Qd5 {
mit Vorteil für Schwarz.}) 12. Be3 (12. d5 exd5 13. exd5 O-O {führt zu einer
ausgeglichenen Stellung.}) 12... Qd8 (12... Bxc3 13. bxc3 Nxe4 14. d5 Nxc3 15.
dxe6 fxe6 16. Qd2 Qb4 17. Bxe6 {führt zu einer zweischneidigen Lage.}) (12...
Qc7 {sieht etwas plausibler aus als der Textzug und führt zu gleichem Spiel:}
13. d5 (13. e5 Ne4 $11) 13... Bxc3 14. dxe6 (14. bxc3 cxd5 15. exd5 exd5 16.
Bxd5 O-O $11) 14... Bb4 15. exd7+ Nxd7 $11) 13. e5 (13. d5 {ist meines
Erachtens vorzuziehen. Mir gefällt die Stellungsstruktur, die nun entsteht,
für Weiß nicht sonderlich.}) 13... Ne4 (13... Nd5 {ist schwächer; dieses Feld
winkt dem Springer d7 (Sd7-b6-d5).}) 14. Qb3 Nb6 15. Be2 O-O 16. Nxe4 Bxe4 17.
Ng5 Qd5 18. Qd1 (18. Qxd5 Bxd5 {führt zu einem Endspiel, das für Schwarz
äußerst günstig ist: der Damenflügel des Weißen ist böse geschwächt. Auch nach
dem Textzug steht Weiß schlecht, hat aber einige Schwindelchancen.}) 18... Bxg2
19. Bd3 $2 {Das ist ganz aussichtslos.} (19. Qd3 {bietet die meisten
Aussichten, noch davonzukommen:} g6 (19... f5 20. exf6 g6 21. f7+ Kg7 (21...
Kh8 {ist schwach; nach} 22. Rfc1 {steht Weiß besser.}) 22. Bf4 Nd7 23. Qg3 Bxf1
24. Bf3 {ist für Schwarz nicht vorteilhaft.}) 20. Rfb1 (20. Rfd1 h6 21. Nxe6
Be4 22. Nf4 Bxd3 23. Nxd5 Bxe2 24. Nxb6 Ra6 25. Nd7 Bxd1 26. Nxf8 Bg4 {und
Schwarz gewinnt.}) (20. Rfc1 h6 21. f3 (21. Nxe6 Be4 22. Nf4 Bxd3 23. Nxd5 Nxd5
24. Bxd3 Nxe3 25. fxe3 Bd2 {, und Schwarz gewinnt.}) 21... hxg5 22. Kxg2 Be7 {
mit großem Vorteil für Schwarz.}) 20... f6 (20... Be7 21. f3 Bxg5 22. Bxg5 Bh3
23. Qe3 {überläßt dem Weißen beachtliches Gegenspiel.}) (20... h6 21. Nxe6 Be4
22. Nf4 Bxd3 23. Nxd5 {bringt dem Schwarzen jetzt nicht viel ein.}) 21. exf6
Rxf6 22. f3 Bxf3 23. Nxf3 Rxf3 24. Bxf3 Qxf3 25. Rf1 Qg4+ 26. Kh1 Bd6 27. Bg1 {
usw.}) 19... h6 20. Qh5 f5 $2 ({Ich sehe nicht, was gegen} 20... Bxf1 {spricht.
}) 21. exf6 $2 (21. Nxe6 {ist ein viel besserer Versuch. Nach} Qxe6 ({Nach} 
21... Bxf1 22. Qg6 Qg2+ 23. Qxg2 Bxg2 24. Nxf8 Be4 25. Bxe4 fxe4 26. Ng6 {
hat Schwarz Vorteil, aber keine klare Gewinnstellung.}) 22. Kxg2 f4 23. Bc1
Rad8 24. Rd1 c5 {dürfte die Stellung des Weißen schließlich doch
auseinanderfallen.}) 21... Rxf6 22. Qg4 Bf3 $2 ({Jetzt ist noch viel weniger
zu verstehen, warum Schwarz} 22... Bxf1 {unterläßt:} 23. Ne4 (23. Bh7+ Kh8 24.
Be4 Qd7 {usw.}) 23... Rf7 {. Ich sehe keinerlei gefährliche
Angriffsmöglichkeiten für Weiß.}) 23. Nxf3 Qxf3 24. Qxf3 Rxf3 25. Be4 Rf6 26.
Kh1 Bd6 27. Rg1 Bf4 28. Rg2 Raf8 29. Rag1 R8f7 30. Bg6 Rd7 31. b3 Nd5 32. Re1
Kf8 33. Kg1 Bc7 (33... c5 $5) 34. Rg4 Ne7 35. Bd3 Nf5 36. Re4 Rdf7 $2 (36... e5
{führt zum Gewinn eines zweiten Bauern:} 37. dxe5 {scheitert an} Rg6+ 38. Kf1
Rxd3) 37. Bc4 Rg6+ 38. Kf1 Rff6 $2 {Und damit stellt Schwarz seinen Mehrbauern
ein.} (38... Bxh2 39. Rxe6 Rxe6 40. Bxe6 {überläßt dem Weißen
Rettungsaussichten.}) (38... Ke7 39. Bf4 Bxf4 40. Rxf4 Kd6 {sollte noch stets
zum Gewinn genügen.}) 39. Bf4 Bxf4 40. Rxf4 Ke7 41. Bxe6 Rxe6 42. Rxf5 Rg1+ (
42... Rxe1+ 43. Kxe1 b6 {ist vielleicht etwas aussichtsreicher für Schwarz als
die Textfortsetzung.}) 43. Kxg1 Rxe1+ 44. Kg2 b6 45. Rf3 Rd1 {Jetzt kommt es
zu weiteren Bauerntäuschen, und es entsteht eine glatte Remisstellung.} (45...
Kd6 46. Rf7 Rb1 47. Rxg7 Rxb3 48. Rg6+ Kd5 49. Rxh6 b5 50. h4 bxa4 51. Rh5+
Kxd4 52. Rxa5 a3 53. h5 {genügt aber auch nicht zum Gewinn.}) 46. Rg3 g5 47.
Rh3 Rxd4 48. Rxh6 Kd7 49. Rh3 b5 50. axb5 cxb5 51. Rg3 g4 52. Re3 Kd6 53. h4
gxh3+ 54. Kxh3 a4 55. bxa4 Rxa4 56. Re8 Kc5 57. Rb8 Ra6 58. Kg4 b4 59. Kf4 Kc4
60. Ke4 b3 61. Ke3 Kc3 62. Rc8+ Kb2 63. f4 1/2-1/2

[Event "Wotulo Memorial"]
[Site "Jakarta"]
[Date "2001.03.30"]
[Round "10"]
[White "Hulak, Krunoslav"]
[Black "Kosasih, Cecep"]
[Result "1/2-1/2"]
[WhiteElo "2546"]
[BlackElo "2420"]
[Annotator "Huebner,R"]
[PlyCount "112"]
[EventDate "2001.03.23"]
[EventType "tourn"]
[EventRounds "13"]
[EventCountry "INA"]
[EventCategory "8"]
[SourceTitle "CBM 083"]
[Source "ChessBase"]
[SourceDate "2001.07.05"]
[SourceVersion "1"]
[SourceVersionDate "2001.07.05"]
[SourceQuality "1"]

1. d4 d5 2. Nf3 c6 3. c4 Nf6 4. Nc3 dxc4 5. a4 Bf5 6. e3 e6 7. Bxc4 Nbd7 8. O-O
h6 $6 {Dies ist ein ungebräuchlicher Zug; besonders sinnvoll oder
vertrauenerweckend sieht er nicht aus} 9. Qe2 $6 (9. Re1 {sieht besser aus,
denn der Textzug kostet ein Tempo (Dd1-e2xd3).}) 9... Ne4 10. Bd3 (10. Rd1 {
kommt in Betracht.}) 10... Nxc3 ({Nicht besser ist} 10... Ndc5 11. Nxe4 Nxe4
12. Ne5 {mit bequemerem Spiel für Weiß.}) 11. bxc3 Bxd3 12. Qxd3 Bd6 13. e4 O-O
14. e5 Bc7 15. Qe4 Rb8 16. Re1 Re8 17. Qg4 f5 18. Qh3 (18. exf6 Qxf6 {führt zu
einer etwa ausgeglichenen Stellung.}) 18... Qe7 19. g4 Qf7 $6 ({Nach} 19... Ba5
20. Bd2 fxg4 21. Qxg4 Rf8 (21... Nb6 22. Re4) (21... Nf8 22. Re2) 22. Nh4 Qf7
23. f4 {behält Weiß die Intiative, aber doch hatte Schwarz viel bessere
Überlebensaussichten als nach dem Textzug.}) 20. gxf5 Qxf5 (20... exf5 {
war vielleicht genauer; nach} 21. Nh4 {wehrt sich Schwarz mit} Bd8 22. Nxf5 Rf8
23. e6 Qxf5 24. Qxf5 Rxf5 25. exd7 Rf7) 21. Qxf5 exf5 22. Nh4 Ba5 23. Re3 $2 {
Danach kann Schwarz eine Verteidigung organisieren.} (23. Ra3 {war viel
stärker; nach} Rf8 (23... c5 24. Rd1 {verbessert die Lage des Nachziehenden
keineswegs; die verbundenen Freibauern des Weißen im Zentrum werden ihn
erdrücken.}) 24. Rb3 {(droht 25.La3)} Bd8 25. Ng6 Re8 26. Ba3 Kh7 27. Bd6 Kxg6
28. Bxb8 Nxb8 29. Rxb7 {dürfte Schwarz auf Verlust stehen, und andernfalls
kann er seinen f-Bauern nicht verteidigen.}) 23... f4 24. Rh3 Re6 25. Nf5 Kh7
26. Ba3 Bc7 27. Kh1 {Weiß plant, mit Ta1-g1 einen Angriff einzuleiten; aber
besonders wirksam ist dies nicht.} ({Die Fortsetzung} 27. Bd6 Bxd6 28. Nxd6 {
hätte dem Weißen einigen Stellungsvorteil bewahrt.}) 27... Nb6 28. Bc5 $6 {
Weiß sollte verhindern, daß der Springer des Schwarzen nach c4 gelangt. Nach} (
28. Bd6 Bxd6 29. Nxd6 {hätte Schwarz es noch immer schwer gehabt.}) 28... Nc4
29. Bxa7 Ra8 30. Bc5 b6 ({Die Fortsetzung} 30... Bxe5 31. Re1 Rf6 32. Nxg7 Kxg7
33. dxe5 {stürzt den Nachziehenden nur in Gefahren. Nach dem Textzug entsteht
eine ausgeglichene Lage.}) 31. Rg1 Rg6 32. Bd6 Rxg1+ 33. Kxg1 Bxd6 34. exd6
Rxa4 35. Rh4 Ra7 36. Rxf4 Rd7 37. d5 cxd5 38. Rd4 g6 39. Ne7 Rxd6 40. Nxd5 b5
41. Kg2 h5 42. Kg3 Kh6 43. f4 Rd7 44. Kf3 Ra7 45. Rd3 Ra2 46. h3 Rh2 47. Ke4 g5
48. f5 Rf2 49. f6 g4 50. Nf4 gxh3 51. Rd8 Rd2 52. Rh8+ Kg5 53. Rxh5+ Kxf6 54.
Rxh3 Ke7 55. Nd3 Kd6 56. Rh6+ Kc7 1/2-1/2

[Event "EU-chT (Men) 13th"]
[Site "Leon"]
[Date "2001.11.07"]
[Round "2.1"]
[White "Stefansson, Hannes"]
[Black "Shaw, John"]
[Result "1-0"]
[WhiteElo "2575"]
[BlackElo "2499"]
[Annotator "Huebner,R"]
[PlyCount "67"]
[EventDate "2001.11.06"]
[EventType "team-swiss"]
[EventRounds "9"]
[EventCountry "ESP"]
[SourceTitle "CBM 086"]
[Source "ChessBase"]
[SourceDate "2002.02.05"]
[SourceVersion "1"]
[SourceVersionDate "2002.02.05"]
[SourceQuality "1"]
[WhiteTeam "Iceland"]
[BlackTeam "Scotland"]
[WhiteTeamCountry "ISL"]
[BlackTeamCountry "SCO"]

1. d4 d5 2. c4 c6 3. Nc3 Nf6 4. Nf3 dxc4 5. a4 Bf5 6. e3 e6 7. Bxc4 Bb4 8. O-O
O-O 9. Nh4 Nbd7 10. Nxf5 exf5 11. Qc2 Nb6 {Der übliche Zug ist 11...g6. Mit
dem Textzug möchte Schwarz die Schwächung seiner schwarzen Felder am
Königsflügel möglichst vermeiden.} 12. Be2 (12. Bb3 {hält den Läufer auf einem
aktiveren Posten; dennoch dürfte die gute Kontrolle der weißen Felder im
Zentrum dem Schwarzen Ausgleich sichern, zum Beispiel:} Qd7 13. f3 (13. a5 Nbd5
14. f3 Rfe8 15. Nxd5 Nxd5 16. e4 Nf6 17. Qc4 Bf8 18. exf5 Rad8 19. Kh1 Re7 20.
Qc2 {1/2-1/2 Kramnik,V-Anand,V/Linares 2000/CBM 76 (20).}) 13... a5 (13... Rfe8
14. Kh1 a5 15. Qf2 Nbd5 16. Nxd5 Nxd5 17. Bc2 Nf6 18. Bd2 Bxd2 19. Qxd2 Nd5 $11
{0-1 Berry,N-Shaw,J/Glasgow 2000/CBM 77 ext (75). (75)}) 14. Kh1 Rae8 15. Bd2
Re7 16. Rae1 Rfe8 17. Re2 Nbd5 18. Rfe1 Nc7 19. Qd3 Ne6 20. Bc4 g6 21. d5 Nc7
22. dxc6 Qxd3 23. Bxd3 bxc6 24. e4 Rd7 25. Bc2 (25. Bc4 fxe4 26. fxe4 Ng4 27.
Bf4 Ne5 $15) 25... fxe4 26. Nxe4 $2 (26. fxe4 Ne6 $17) (26. Bxe4 Nxe4 27. fxe4
Ne6 $17) 26... Nxe4 $4 (26... Rxe4 {gewann Material.}) 27. Bxb4 axb4 28. Rxe4
Rxe4 29. Bxe4 c5 30. Kg1 Rd2 31. Rc1 Rxb2 32. Rxc5 Ne6 33. Rc2 Rb1+ 34. Kf2 Ra1
35. Rb2 Rxa4 36. Bc2 Ra8 {1/2-1/2 Sokolov,I-Huebner,R/Istanbul 2000/EXT 2001/
[Wells] (36).}) ({Mit} 12. Bd3 {kann Weiß} g6 {erzwingen, aber der Läufer
steht auf d3 nicht günstig: wenn ein schwarzer Springer auf d5 auttaucht, muß
Weiß auf Grund der Möglichkeit Sd5-b4 ein Tempo verlieren; außerdem ist der
Bauer auf d4 nicht so leicht zu decken, so daß der Plan, f2-f3 nebst e3-e4 zu
spielen, sich kaum verwirklichen läßt.} (12... f4 13. a5 Nbd7 14. e4 {sieht
ungünstig für Schwarz aus.})) 12... Qd7 13. a5 Nbd5 14. Bd2 (14. Bf3 Rfe8 15.
a6 b6 16. Qa4 Bxc3 17. bxc3 b5 18. Qb3 Ne4 19. c4 Nb6 20. Be2 Nxc4 21. Bxc4
bxc4 22. Qxc4 Rab8 $11 {1-0 Sambuev,B-Polyakov,D/St Petersburg 1998/CBM 67 ext
(46). (45)}) 14... Rfe8 $6 {Nach der folgenden Abwicklung wird Schwarz Sorgen
mit seinem c-Bauern bekommen.} (14... Bd6 $5 {kommt in Betracht.}) (14... a6 {
ist auch nicht ohne weiteres von der Hand zu weisen:} 15. Na4 Bxd2 (15... Bd6
$5) 16. Qxd2 Qe7 {mit gleichem Spiel.}) 15. a6 b6 16. Nxd5 Nxd5 17. Bxb4 Nxb4
18. Qb3 Qd6 19. Bf3 Rac8 20. Rfc1 g6 21. Rc4 c5 ({Nach} 21... Nd5 22. Rac1 (22.
g3 Nf6 23. Rac1 Ne4 24. Qc2 Re6 {ist weniger überzeugend.}) 22... Re6 (22...
Re7 {wird mit} 23. Qa3 {beantwortet.}) 23. g3 {ist Schwarz hilflos.}) 22. Bb7
$16 {Jetzt ist der Bauer auf a6 zuverlässig gedeckt, und dadurch ermangelt es
dem Springer auf b4 an Wirksamkeit.} b5 $2 {Dies führt sofort zum Verlust.} (
22... Rc7 {bot bessere Aussichten auf Widerstand, zum Beispiel} 23. dxc5 bxc5
24. Rd1 Qe6 25. Qa4 Ree7 26. Qb5 Red7 27. Rcc1 Rd6 {usw.}) ({Nach} 22... Rcd8
23. g3 {wird Schwarz auf die Dauer Probleme mit der Verteidigung seines
c-Bauern bekommen.}) 23. Rc3 c4 24. Qa3 Rc7 ({Auch nach} 24... Rcd8 25. b3 {
verliert Schwarz einen Bauern; nach} f4 26. bxc4 fxe3 27. fxe3 bxc4 28. Rxc4
Nd5 29. Qxd6 Rxd6 30. Bxd5 Rxd5 31. Rc7 {kann er das Endspiel nicht halten.})
25. Qa5 Nd3 26. Qxb5 Rce7 27. Qxc4 Nxf2 28. Kxf2 Qxh2 29. Qe2 Qh4+ 30. Kg1 Rxe3
31. Rxe3 Qxd4 32. Ra4 Qxe3+ 33. Qxe3 Rxe3 34. Rc4 1-0

[Event "Linares Anibal op 08th"]
[Site "Linares"]
[Date "2001.01.12"]
[Round "5"]
[White "Epishin, Vladimir"]
[Black "Felgaer, Ruben Alejandro"]
[Result "1-0"]
[WhiteElo "2578"]
[BlackElo "2420"]
[Annotator "Huebner,R"]
[PlyCount "49"]
[EventDate "2001.01.08"]
[EventType "swiss"]
[EventRounds "11"]
[EventCountry "ESP"]
[SourceTitle "CBM 081"]
[Source "ChessBase"]
[SourceDate "2001.03.20"]
[SourceVersion "1"]
[SourceVersionDate "2001.03.20"]
[SourceQuality "1"]

1. d4 Nf6 2. c4 c6 3. Nc3 d5 4. Nf3 dxc4 5. a4 Bf5 6. Nh4 e6 7. Nxf5 exf5 8. e3
Bb4 9. Bxc4 O-O 10. Qc2 g6 11. O-O Nbd7 12. Ba2 Rc8 13. f3 c5 14. Kh1 Qb6 15.
Qf2 Rfe8 (15... Rfd8 16. Qh4 c4 17. e4 Qxd4 18. Bg5 Be7 19. exf5 Qxh4 20. Bxh4
Re8 21. Rfe1 Bf8 22. Rxe8 Nxe8 23. fxg6 hxg6 24. Nd5 Ne5 $2 ({Nach} 24... Nd6 {
hat Weiß höchstens einen kleinen Vorteil.}) 25. Re1 Nd7 26. Bf2 (26. Re7 {
war stärker.}) 26... a6 27. a5 Nd6 28. g4 Nc5 29. Bd4 Nb5 30. Bf6 Nd3 31. Ne7+
Bxe7 32. Rxe7 Nb4 33. Bxc4 Nd6 34. Bb3 Nc6 35. Rd7 Nxa5 36. Bd5 Nac4 37. Kg1
Rf8 38. Re7 {1-0 Epishin,V-Zhukova,N/Saint Vincent 2000/CBM 78 (38).}) 16. Bd2
f4 17. Rfd1 fxe3 18. Bxe3 c4 19. Bh6 Bxc3 20. bxc3 Nd5 21. a5 Qc6 22. Qd2 N7f6
23. Bb1 Re6 $2 ({Die Fortsetzung} 23... Qe6 24. Ra2 Rc7 {führt zu völlig
befriedigendem Spiel für Schwarz.}) 24. Bc2 $2 (24. Bf5 {war entschieden
kräftiger.}) 24... Qc7 $2 (24... Rd8 $14) 25. Bf5 {Jetzt hat er's gesehen!} 1-0

[Event "Sigeman & Co 09th"]
[Site "Malmo"]
[Date "2001.06.12"]
[Round "1"]
[White "Sokolov, Ivan"]
[Black "Hector, Jonny"]
[Result "1/2-1/2"]
[WhiteElo "2659"]
[BlackElo "2546"]
[Annotator "Huebner,R"]
[PlyCount "67"]
[EventDate "2001.06.12"]
[EventType "tourn"]
[EventRounds "9"]
[EventCountry "SWE"]
[EventCategory "13"]
[SourceTitle "CBM 084"]
[Source "ChessBase"]
[SourceDate "2001.09.13"]
[SourceVersion "1"]
[SourceVersionDate "2001.09.13"]
[SourceQuality "1"]

1. d4 d5 2. c4 c6 3. Nf3 Nf6 4. Nc3 dxc4 5. a4 Bf5 6. e3 e6 7. Bxc4 Bb4 8. O-O
Nbd7 9. Nh4 O-O 10. f3 Bg6 11. e4 e5 12. dxe5 Nxe5 13. Be2 Qb6+ 14. Kh1 Rad8
15. Qc2 Qc5 (15... Qd4 {ist weniger gut:} 16. Bg5 Nd3 $2 (16... Be7 $5) 17.
Bxd3 Qxd3 18. Qb3 Bxc3 19. bxc3 Rd7 $2 20. Bxf6 gxf6 21. Rfd1 {1-0 Hansen,
L-Bang,A/Copenhagen 1988/CBM 10 (21).}) 16. Bf4 {Dies ist ein neuer Zug. In
der Vorgängerpartie geschah:} (16. Nxg6 hxg6 17. Bf4 g5 $2 (17... Nc4 $11) 18.
Bg3 $2 (18. Bxg5 Neg4 19. Bxf6 $16) 18... Nh5 19. Bf2 Qa5 20. g3 Nf6 21. Be3 g4
22. f4 Nf3 23. Bxf3 gxf3 24. e5 Nd5 25. Nxd5 Rxd5 26. Rxf3 Rfd8 $13 {Galavics,
H-Steinwender,W, AUT-chT2, 1992 (1-0, 34). Es gibt keinen großen Unterschied
zwischen den beiden Zügen; die Stellung ist in etwa ausgeglichen.}) 16... Nc4
$1 $11 17. Na2 {Dies bringt nichts ein, aber auch nach} (17. Bxc4 Qxc4 18. Rfd1
$11 {hat Weiß keinen Vorteil.}) 17... Ne3 18. Qxc5 Bxc5 19. Rfc1 Bd4 20. Nc3
Nh5 21. Bg5 f6 22. Nxg6 hxg6 23. Bxe3 Bxe3 24. Bc4+ Kh7 25. Rd1 a5 26. g3 g5
27. Kg2 g6 28. Kf1 Bc5 29. Rac1 Rfe8 30. Bf7 Rf8 31. Ba2 Bb6 32. Ke2 Rfe8 33.
Bf7 Rf8 34. Ba2 1/2-1/2

[Event "Rubinstein Memorial 32nd"]
[Site "Polanica Zdroj"]
[Date "1995.??.??"]
[Round "9"]
[White "Sosonko, Gennadi"]
[Black "Wojtkiewicz, Aleksander"]
[Result "1/2-1/2"]
[WhiteElo "2525"]
[BlackElo "2570"]
[Annotator "Huebner,R"]
[PlyCount "37"]
[EventDate "1995.08.??"]
[EventType "tourn"]
[EventRounds "11"]
[EventCountry "POL"]
[EventCategory "14"]
[SourceTitle "CBM 049"]
[Source "ChessBase"]
[SourceDate "1995.12.01"]
[SourceVersion "1"]
[SourceVersionDate "1995.12.01"]
[SourceQuality "1"]

1. d4 d5 2. Nf3 c6 3. c4 Nf6 4. Nc3 dxc4 5. a4 Bf5 6. e3 e6 7. a5 {Dieser Zug
wurde häufiger von Sosonko angewandt.} Bd3 {Ferner wurden 7...Lb4 und 7...Sbd7
gespielt.} 8. Bxd3 cxd3 9. Qb3 {Weniger genau ist} (9. O-O {weil Schwarz nach}
Bb4 (9... Be7 {wurde in der Partie Fioramonti-Weinzettl, Mitropacup 1990,
gespielt; der Zug ist natürlich weniger aktiv.}) 10. Qb3 Na6 {zunächst den Zug
Dd8-c7 eingespart hat.}) 9... Qc7 (9... Na6 10. Qxb7 Qc8 (10... Nb4 11. Ne5 $16
{ECO D (2.Auflage) 18/1, Fußnote 2.}) 11. Qxc8+ (11. Qb3 Rb8 12. Qc4 Nb4 13.
O-O c5 14. Rd1 Be7 (14... cxd4 $5) 15. dxc5 O-O 16. c6 $14 {Uhlmann,W-Haba,P,
Debrecen 1988.}) 11... Rxc8 12. Ne5 (12. O-O c5 $13) 12... Nb4 13. Kd2 (13. O-O
c5 14. dxc5 Rxc5) 13... c5 14. Nxd3 cxd4 15. exd4 Ng4 $142 (15... Rxc3 16. Nxb4
Rc8 (16... Ne4+ 17. Ke2 Rc4 18. Nd3 Rxd4 19. Be3 $16 {ECO D (2.Auflage) 18/1,
Fußnote2.}) (16... Rc4 17. Nc2 $16 (17. Nd3 Rxd4 $10)) 17. Nd3 Bd6 18. Ke2 $14)
16. Nxb4 Bxb4 17. f3 (17. Ke2 Bxc3 18. bxc3 Rxc3 19. Ba3 Kd7) 17... Nf6 18. Kd3
O-O $13) 10. e4 {Bisher wurde} (10. O-O {gespielt. Nach} Na6 11. e4 (11. Rd1
Bb4 12. Rxd3 O-O 13. Qa4 Rfd8 14. Rd1 c5 $10 {Speelman,J-Ljubojevic,L, Belfort
WC 1988.}) 11... Bb4 {kommt Schwarz rechtzeitig zu Gegendruck gegen das Zentum
des Weißen.} 12. e5 Nd5 13. Ne4 O-O {gibt dem Schwarzen ausgezeichnetes Spiel.}
) 10... Nbd7 {Jetzt kann Weiß} (10... Na6 {mit} 11. Bg5 Bb4 (11... Nb4 12. O-O)
12. Bxf6 gxf6 13. O-O {beantworten.}) 11. O-O a6 {Schwarz deckt das Feld b5,
um zu c6-c5 bereitzustehen.} 12. Bg5 {Aussichtsreicher sieht} (12. Rd1 {aus;}
c5 {wird mit} 13. Qc4 {nebst d4-d5 entkräftet. Auch sofortiges 12.Dc4 ist
nicht unplausibel. Jetzt kann Schwarz den schwarzfeldrigen Läufer des Gegners
abtauschen und Ausgleich erzielen.}) 12... h6 13. Bh4 Nh5 14. Rfd1 g5 15. Bg3
Nxg3 16. hxg3 Bg7 17. Qc4 O-O 18. Qxd3 c5 19. d5 1/2-1/2